000 00471nam a22002057a 4500
003 UA-OsUOA
001 43823
007 ta
008 20091107b un ||||| |||| 00| 0 ukr d
090 _a7
942 _cBR
040 _aUA-OsUOA
_beng
_cUA-OsUOA
_dUA-OsUOA
245 _aKurelek's Canada
955 _a4
041 _aeng
080 _a7
246 3 1 _aExhibition November 2 to 15 2002
650 7 _a7 Мистецтво. Ігри. Спорт.
_2UDC
999 _c442299
_d442299